Mathematics for the technologies with calculus (Record no. 30653)

MARC details
000 -LEADER
fixed length control field 00318nam a2200121Ia 4500
082 ## - DEWEY DECIMAL CLASSIFICATION NUMBER
Classification number 51:62
Item number CLA
100 ## - MAIN ENTRY--AUTHOR NAME
Personal name Clar, L M
245 #0 - TITLE STATEMENT
Title Mathematics for the technologies with calculus
260 ## - PUBLICATION, DISTRIBUTION, ETC. (IMPRINT)
Place of publication New Jersey
Name of publisher Prentice Hall
Year of publication 1978
700 ## - ADDED ENTRY--PERSONAL NAME
Personal name Hart, J L
942 ## - ADDED ENTRY ELEMENTS (KOHA)
Koha item type Books
Holdings
Withdrawn status Lost status Damaged status Not for loan Home library Current library Date acquired Cost, normal purchase price Full call number Accession Number Koha item type
        RRII Library RRII Library 16/12/2021 18.95 51:62 CLA 11224 Books